000
00392pam a2200121a 44500
008
230405s2005 xxu||||| |||| 00| 0 eng d
041
_a
MAR
100
_a
य ना कदम
245
_a
विसाव्या शतकातील जगाचा इतिहास
260
_a
कोल्हापूर
_b
फडके प्रकाशन
_c
2005
300
_a
560
906
_a
8842
999
_c
299341
_d
299341